A Text Book on Production Engineering (Record no. 8169)
[ view plain ]
| 000 -LEADER | |
|---|---|
| fixed length control field | 00310nam a2200121Ia 4500 |
| 008 - FIXED-LENGTH DATA ELEMENTS--GENERAL INFORMATION | |
| fixed length control field | 191201s2019 xx 000 0 und d |
| 100 ## - MAIN ENTRY--PERSONAL NAME | |
| Personal name | SINGH, Swadesh Kumar |
| 245 #2 - TITLE STATEMENT | |
| Title | A Text Book on Production Engineering |
| 250 ## - EDITION STATEMENT | |
| Edition statement | 3rd edi. |
| 260 ## - PUBLICATION, DISTRIBUTION, ETC. (IMPRINT) | |
| Name of publisher, distributor, etc | University Press |
| Place of publication, distribution, etc | NEW DELHI |
| 300 ## - PHYSICAL DESCRIPTION | |
| Extent | 476 |
| 942 ## - ADDED ENTRY ELEMENTS (KOHA) | |
| Source of classification or shelving scheme | Dewey Decimal Classification |
| Koha item type | Text Books |
| Withdrawn status | Lost status | Source of classification or shelving scheme | Damaged status | Not for loan | Collection code | Home library | Current library | Date acquired | Source of acquisition | Cost, normal purchase price | Bill Number | Total Checkouts | Full call number | Acc. no. / Barcode | Date last seen | Actual Cost, discounted price | Bill Date | Koha item type |
|---|---|---|---|---|---|---|---|---|---|---|---|---|---|---|---|---|---|---|
| Dewey Decimal Classification | Diploma in Mechanical | PIET C-LIBRARY | PIET C-LIBRARY | 15/05/2019 | KIRTI PRAKASHAN, NEW DELHI | 500.00 | IN3878 | 620.02 SIT | DE1312 | 04/12/2019 | 375.00 | 15/05/2019 | Text Books | |||||
| Dewey Decimal Classification | Diploma in Mechanical | PIET C-LIBRARY | PIET C-LIBRARY | 15/05/2019 | KIRTI PRAKASHAN, NEW DELHI | 500.00 | IN3878 | 620.02 SIT | DE1313 | 04/12/2019 | 375.00 | 15/05/2019 | Text Books | |||||
| Dewey Decimal Classification | Diploma in Mechanical | PIET C-LIBRARY | PIET C-LIBRARY | 15/05/2019 | KIRTI PRAKASHAN, NEW DELHI | 500.00 | IN3878 | 620.02 SIT | DE1314 | 04/12/2019 | 375.00 | 15/05/2019 | Text Books |